Neymar Jr - Statistics

Estatísticas Gerais
  • Esse quiz foi jogado 581 vezes
    173 desde o último reset
  • A pontuação média é 6 de 6
Estatísticas das Respostas
Anos Clubes % Correto
2009-2013 Santos
100%
2025- Santos
100%
2013-2017 Barcelona
99%
2017-2023 PSG
97%
(Seleção)2010- Brasil
96%
2023-2025 Al-Hilal
94%
Nenhum quiz correspondente encontrado
Distribuição das Pontuações
Porcentagem de Pessoas com Cada Pontuação
Percentil de Números Respondidos
Sua Pontuação Histórica
Você não jogou esse quiz desde o último reset